| 000 | 00451nam a2200169 a 4500 | ||
|---|---|---|---|
| 001 | 0000-9300 | ||
| 003 | ELIB.Books | ||
| 008 | 110520 2003 | ||
| 035 | _a(ELIB.Books)0000-9452 | ||
| 082 |
_a248 _bBae |
||
| 100 | _aBae, Soon Jick Litt D. | ||
| 245 | _aWhat the Christianity Should Be ( Vol IV) | ||
| 260 |
_bSan-Chung Publishing Company _c2003 |
||
| 650 | _aChristian Life | ||
| 942 |
_2ddc _cBK |
||
| 998 |
_cbat _e2011-05-20 |
||
| 999 |
_c9300 _d9300 |
||